00325nam a2200109Ia 4500008004100000020001800041082001400059100002000073245008000093260001300173500002900186260604s9999 xx 000 0 und d a9783030834258 a332.4 GLA aGLASNER [DAVID] 0aSTUDIES IN THE HISTORY OF MONETARY THEORY: CONTROVERSIES AND CLARIFICATIONS bSPRINGER aEconomy, Monetary Theory